BIBLIOTHÈQUE DE LA MAISON DU MEXIQUE

Logo 1 Logo 2

Así firmaron el Plan de Ayala (notice nᵒ 10226)

détails MARC
000 -Sello discográfico
campo de control de longitud fija 00901nam a2200313 4500
005 - Identificación de versión
campo de control 20251016082546.0
035 ## - Otros números de control del sistema
Número de control del sistema 10543
099 ## - fechas locales
Tipo de ítem Koha LIBRO
100 ## - Datos de procesamiento general
Datos de procesamiento general 20031218d1976 m y1spay5003 ba
105 ## - Campo de datos codificados: Material textual, monográfico
Datos codificados de monografía a 001zy
200 1# - Título y mención de responsabilidad
Título propio Así firmaron el Plan de Ayala
Designación general del material texto impreso
Primer mención de responsabilidad Rosalind Rosoff, Anita Aguilar
205 ## - Declaración de edición
Declaración de edición 1a ed
210 ## - Publicación, distribución, etc.
Lugar de publicación, distribución, etc. México
Nombre del editor, distribuidor, etc. Secretaría de Educación Pública
Fecha de publicación, distribución, etc. 1976
215 ## - Descripción física
Designación de material específico y extensión del ítem 150 p
Otras características físicas il.
Dimensiones 17 cm
345 ## - Nota de información de adquisición
Fuente de adquisición/dirección de la suscripción [OBSOLETO] Donación
410 #1 - Series
Título SepSetentas
Número de volumen 241
600 ## - Nombre personal usado como materia
Elemento de entrada Zapata Salazar
Parte del nombre distinta del elemento de entrada Emiliano
Fechas 1879-1919
Número Koha 2696
607 ## - Nombre geográfico utilizado como tema
Elemento de entrada México
Subdivisión temática Historia
Subdivisión cronológica 1910-1929
Número Koha 16758
660 ## - Código de área geográfica
Código MX
700 ## - Nombre personal - Responsabilidad primaria
Elemento de entrada Rosoff
Parte del nombre distinta del elemento de entrada Rosalind
Número Koha 16759
701 ## - Nombre personal - Responsabilidad alternativa
Elemento de entrada Aguilar
Parte del nombre distinta del elemento de entrada Anita
Número Koha 16760
801 #0 - Fuente de origen
Agencia cm
900 ## -
-- 1/5582
900 ## -
-- 7100317344\181203
942 ## - ELEMENTOS DE ENTRADA SECUNDARIOS (KOHA)
Tipo de ítem Koha Livre
996 ## -
-- MEX
-- 751145101
-- MMAG
-- 001902
-- 082 S479 V.241
-- 20200729LIV
Exemplaires
Estatus retirado Estado de daño Estado de pérdida Fecha de adquisición Biblioteca de origen Biblioteca actual Ubicación en estantería Código de barras Precio de reemplazo Signatura topográfica completa No para préstamo Tipo de ítem Koha Nota pública Nota no pública
      05/08/2025 Casa México Paris Casa México Paris   001902 05/08/2025 082 S479 V.241   Livre 20200729LIV 751145101